Les œuvres de Jules Verne - Statistiques

Statistiques générales
  • Ce quiz a été pris 31 fois
  • Le résultat moyen est 6 sur 20
Statistiques - réponses
Résumé Titre du roman % Correct
Phileas Fogg parie sa fortune qu'il fera le tour du globe en 80 jours chrono. Accompagné de Passepartout, il brave les obstacles dans une course contre la montre effrénée. Le Tour du monde en quatre-vingts jours
100%
Le capitaine Nemo entraîne le professeur Aronnax à bord du Nautilus pour un voyage sous-marin mystérieux. Une épopée scientifique et philosophique à travers les abysses du globe. Vingt mille lieues sous les mers
100%
Le professeur Lidenbrock et son neveu Axel descendent dans le cratère d'un volcan islandais. Ils y découvrent un monde préhistorique caché sous l'écorce terrestre. Voyage au centre de la Terre
87%
Trois membres du Gun Club de Baltimore tentent d'envoyer un projectile habité sur la Lune. Un roman visionnaire sur les débuts de la conquête spatiale. De la Terre à la Lune
48%
Cinq naufragés de la guerre de Sécession s'échouent sur une île déserte et sauvage. Grâce à leur ingéniosité et une aide invisible, ils tentent de coloniser ce nouveau monde. L'Île mystérieuse
39%
Un courrier du Tsar doit traverser la Sibérie envahie par les Tartares pour porter un message vital. Une épopée héroïque remplie de dangers et de sacrifices. Michel Strogoff
39%
Les enfants Grant parcourent le 37e parallèle sud à la recherche de leur père disparu. Une aventure géographique immense traversant l'Amérique du Sud et l'Australie. Les Enfants du capitaine Grant
35%
Trois explorateurs survolent l'Afrique à bord d'un aérostat gonflé à l'hydrogène. Un récit de voyage pionnier mêlant géographie et prouesses techniques. Cinq semaines en ballon
29%
Une jeune femme refuse de se marier avant d'avoir vu ce phénomène optique rare au coucher du soleil. Une quête romantique et scientifique à travers les côtes écossaises. Le Rayon vert
19%
La suite directe du roman de la 4e question. Il décrit le voyage spatial des trois héros. Ils observent la face cachée de l'astre avant de tenter un retour périlleux sur Terre. Autour de la Lune
16%
Dans une Transylvanie lugubre, un château semble hanté par d'étranges phénomènes acoustiques et visuels. Un récit gothique où la science explique le surnaturel. Le Château des Carpathes
13%
Un groupe de jeunes écoliers se retrouve seul sur une île déserte après un naufrage. Ils doivent s'organiser et survivre, préfigurant le thème de Sa Majesté des mouches. Deux ans de vacances
10%
Ce roman se veut la suite du récit d'Edgar Allan Poe, Les Aventures d'Arthur Gordon Pym. Une expédition s'enfonce dans l'Antarctique pour retrouver des survivants d'un naufrage. Le Sphinx des glaces
6%
Après la mort du capitaine, le jeune novice Dick Sand doit prendre les commandes d'un navire. Il se retrouve confronté à la traite des esclaves et aux périls de l'Afrique. Un capitaine de quinze ans
6%
Des gardiens de phare en Patagonie sont attaqués par une bande de pirates sans scrupules. Un duel à mort s'engage pour le contrôle de ce point stratégique. Le Phare du bout du monde
3%
Dans une mine de charbon abandonnée d'Écosse, une nouvelle veine est découverte, relançant l'activité. Mais d'étranges incidents suggèrent qu'un être maléfique hante les profondeurs. Les Indes noires
3%
Ce roman dystopique, refusé à l'époque, imagine un Paris futuriste obsédé par la technologie. Un jeune poète tente désespérément d'y trouver sa place. Paris au XXe siècle
3%
Le récit de la traversée de l'Atlantique à bord du Great Eastern, le plus grand paquebot de l'époque. Verne y mêle observations techniques et intrigues mondaines. Une ville flottante
3%
Un ingénieur cherche à créer un diamant synthétique en Afrique du Sud pour épouser sa bien-aimée. Le vol d'un diamant géant déclenche une poursuite dans le désert. L'Étoile du sud
0%
Un inventeur génial prouve la supériorité du "plus lourd que l'air" avec son navire volant l'Albatros. Il kidnappe ses détracteurs pour leur démontrer sa puissance. Robur le Conquérant
0%
Aucun quiz correspondant
Distribution des résultats
% des personnes avec chaque résultat
Percentile par nombre de réponses
Votre historique - résultats
Vous n’avez pas pris ce quiz